000 01041cab a2200217 4500
001 ##L134070
008 060706n2006 000 0 eng u
035 _a(Sirsi) u134070
041 0 _aeng
100 1 _aKivlehan, Noella Pio
245 0 0 _aEG eco development
260 _c2006
490 0 _aEstates Gazette
_v(0626) 1 July 2006, 99-109(8)
520 _aReports an interview with the UK government advisor on sustainable development, Sir Crispin Tickell, on how the property industry must change to meet the serious environmental challenges; a case study of a successful eco-friendly housing development in Northamptonshire, which has created homes that meet BRE's EcoHomes top-level criteria; and a brief review of eco requirements in planning policy and energy efficiency policy from the legal perspective.
590 _aIKA180706
690 _aENVIRONMENTAL AND LAND CONSULTANCY-SUSTAINABILITY-SUSTAINABLE DEVELOPMENT
700 1 _aGreenshields, Claire
700 1 _aBoswall, Julian
700 1 _aGordon, Dave
942 _n0
999 _c77353
_d77353